Biggest Cities on the Indian Ocean on a Map - Statistics

General Stats
  • This quiz has been taken 142 times
  • The average score is 22 of 27
Answers on the Map
Answers color-coded by a green-red scale on the quiz's map according to % correct below.
 
Answer Stats
Population City % Correct
4.50 Kuwait City
99%
5.70 Dubai
98%
25.6 Mumbai
98%
1.58 Abu Dhabi
97%
2.30 Doha
97%
18.2 Karachi
97%
11.6 Chennai
96%
5.15 Jeddah
96%
4.83 Colombo
95%
1.33 Muscat
95%
2.00 Mogadishu
94%
6.45 Dar es Salaam
93%
9.15 Kuala Lumpur
92%
2.08 Perth
91%
3.48 Durban
88%
1.57 Manama
86%
2.35 Maputo
84%
1.25 Mombasa
84%
5.00 Chittagong
82%
1.38 Port Elizabeth
79%
2.58 Dammam
73%
6.90 Surat
70%
1.58 Denpasar
66%
2.18 George Town
59%
1.61 Kochi
47%
2.25 Visakhapatnam
38%
1.03 Kozhikode
33%
No matching quizzes found
Score Distribution
Percent of People with Each Score
Percentile by Number Answered
Your Score History
You have not taken this quiz